|
|
|
|
| LEADER |
02477nam a22003853i 4500 |
| 001 |
EBC6695218 |
| 003 |
MiAaPQ |
| 005 |
20231204023217.0 |
| 006 |
m o d | |
| 007 |
cr cnu|||||||| |
| 008 |
231204s2014 xx o ||||0 ger d |
| 020 |
|
|
|a 9783839422472
|q (electronic bk.)
|
| 020 |
|
|
|z 9783837622478
|
| 035 |
|
|
|a (MiAaPQ)EBC6695218
|
| 035 |
|
|
|a (Au-PeEL)EBL6695218
|
| 035 |
|
|
|a (OCoLC)1110445947
|
| 040 |
|
|
|a MiAaPQ
|b eng
|e rda
|e pn
|c MiAaPQ
|d MiAaPQ
|
| 100 |
1 |
|
|a Patzelt, Werner J.
|
| 245 |
1 |
4 |
|a Die Machbarkeit politischer Ordnung :
|b Transzendenz und Konstruktion.
|
| 250 |
|
|
|a 1st ed.
|
| 264 |
|
1 |
|a Bielefeld :
|b transcript,
|c 2014.
|
| 264 |
|
4 |
|c ©2013.
|
| 300 |
|
|
|a 1 online resource (473 pages)
|
| 336 |
|
|
|a text
|b txt
|2 rdacontent
|
| 337 |
|
|
|a computer
|b c
|2 rdamedia
|
| 338 |
|
|
|a online resource
|b cr
|2 rdacarrier
|
| 490 |
1 |
|
|a Edition Politik ;
|v v.8
|
| 505 |
0 |
|
|a Cover -- Inhalt -- Vorwort -- Transzendenz, politische Ordnung und beider Konstruktion -- Ordnungskonstruktion und ihre ethnomethodologische Analyse -- P olitischer Mythos, Legitimität und Ordnungskonstruktion -- Mythos und kollektive Selbstdeutung Das „Wirtschaftswunder" als transzendentes Fundament früher bundesrepublikanischer Ordnungskonstruktion -- Transzendenzrekurse im Bundestag Eine Analyse der Parlamentseröffnungsreden zwischen 1949 und 2009 -- Die Sprengkraft der Transzendenz. Die staatsunabhängige Friedensbewegung in der DDR auf ihrem Weg zu politischer Mündigkeit -- Ressourcen europäischer Ordnungskonstruktion. Die Gründungsphase der Europäischen Gemeinschaft für Kohle und Stahl -- Das Scheitern politischer Ordnungskonstruktion. Der Fall Afghanistan -- ‚Heimat' als gelingende Ordnungskonstruktion -- Politische Ordnungskonstruktion und die Natur des Menschen. Zur Rolle von biologischen Unverfügbarkeiten -- Autorenverzeichnis.
|
| 588 |
|
|
|a Description based on publisher supplied metadata and other sources.
|
| 590 |
|
|
|a Electronic reproduction. Ann Arbor, Michigan : ProQuest Ebook Central, 2023. Available via World Wide Web. Access may be limited to ProQuest Ebook Central affiliated libraries.
|
| 655 |
|
4 |
|a Electronic books.
|
| 776 |
0 |
8 |
|i Print version:
|a Patzelt, Werner J.
|t Die Machbarkeit politischer Ordnung
|d Bielefeld : transcript,c2014
|z 9783837622478
|
| 797 |
2 |
|
|a ProQuest (Firm)
|
| 830 |
|
0 |
|a Edition Politik
|
| 856 |
4 |
0 |
|u https://ebookcentral.proquest.com/lib/matrademy/detail.action?docID=6695218
|z Click to View
|